Effectiveness of science intervention materials in the implementation (Record no. 15724)

MARC details
000 -LEADER
fixed length control field 00727nam a22002177a 4500
005 - DATE AND TIME OF LATEST TRANSACTION
control field 20220117143113.0
008 - FIXED-LENGTH DATA ELEMENTS--GENERAL INFORMATION
fixed length control field 200107b ||||| |||| 00| 0 eng d
041 ## - LANGUAGE CODE
Language code of text/sound track or separate title eng
043 ## - GEOGRAPHIC AREA CODE
Geographic area code a-ph---
050 14 - LIBRARY OF CONGRESS CALL NUMBER
Classification number LB1585
Item number .L781 2016
245 ## - TITLE STATEMENT
Title Effectiveness of science intervention materials in the implementation
260 ## - PUBLICATION, DISTRIBUTION, ETC.
Date of publication, distribution, etc. 2016
300 ## - PHYSICAL DESCRIPTION
Extent 92 leaves :
Other physical details illustrations ;
Dimensions 28 cm
336 ## - CONTENT TYPE
Source rda content
Content type term text
337 ## - MEDIA TYPE
Source rda media
Media type term unmediated
338 ## - CARRIER TYPE
Source rda carrier
Carrier type term volume
502 ## - DISSERTATION NOTE
Dissertation note Thesis
Degree type Master of Arts in Teaching major in Science
Name of granting institution University of Rizal System-Morong
Year degree granted 2016
650 #0 - SUBJECT ADDED ENTRY--TOPICAL TERM
Topical term or geographic name entry element Science--Study and teaching(Elementary).
700 ## - ADDED ENTRY--PERSONAL NAME
Personal name Peñano, Leonora J.
Relator term degree supervisor
942 ## - ADDED ENTRY ELEMENTS (KOHA)
Source of classification or shelving scheme Library of Congress Classification
Koha item type Theses and dissertations
Holdings
Withdrawn status Source of classification or shelving scheme Damaged status Not for loan Collection code Home library Current library Date acquired Total Checkouts Full call number Barcode Date last seen Copy number Price effective from Koha item type
  Library of Congress Classification     Reference Morong Graduate Library Morong Graduate Library 01/07/2020   LB1585 .L781 2016 URSMOR-GL-005359 01/07/2020 1 04/07/2021 Theses and dissertations
  Library of Congress Classification     Reference Morong Graduate Library Morong Graduate Library 01/07/2020   LB1585 .L781 2016 URSMOR-GL-005360 01/07/2020 2 04/07/2021 Theses and dissertations
  Library of Congress Classification     Reference Morong Graduate Library Morong Graduate Library 01/07/2020   LB1585 .L781 2016 URSMOR-GL-005361 01/07/2020 3 04/07/2021 Theses and dissertations
  Library of Congress Classification     Reference Morong Graduate Library Morong Graduate Library 01/07/2020   LB1585 .L781 2016 URSMOR-GL-00200 01/07/2020 4 04/07/2021 Theses and dissertations
  Library of Congress Classification     Reference Morong Graduate Library Morong Graduate Library 01/07/2020   LB1585 .L781 2016 URSMOR-GL-00201 01/07/2020 5 04/07/2021 Theses and dissertations

University of Rizal System
Email us at univlibservices@urs.edu.ph

Visit our Website www.urs.edu.ph/library